• 首页
  • 本馆介绍
  • 公告通知
  • 最新文献
  • 馆藏检索
  • 电子资源
  • 读者导购
  • 参考咨询
  • 我的图书馆
  • 登录
  • 详细信息显示
  • 放入我的书架
  • 预约/预借图书
  • 作者相关作品
  • 分类相关作品
  • 丛书相关作品
  • 出版社相关作品

书目信息

  • 表格格式
  • 工作单格式
  • 卡片格式
题名:
CAXA练习与提高
    
 
作者: 林岩 主编
分册:  
出版信息: 北京   化学工业出版社  2008
页数: 163页
开本: 26cm
丛书名:
单 册:
中图分类: TG659
科图分类:
主题词: 数控机床--计算机辅助设计--应用软件--自学参考资料 , 数控机床 , 计算机辅助设计 , 应用软件
电子资源:
ISBN: 978-7-122-02173-1
000 00943nam0 2200289 45
001 1029998296
005 20100708110538.82
010    @a978-7-122-02173-1@dCNY25.00
100    @a20100420d2008 em y0chiy50 ea
101 0  @achi
102    @aCN@b110000
105    @aa z 000yy
106    @ar
200 1  @aCAXA练习与提高@ACAXA Lian Xi Yu Ti Gao@f林岩主编@FLin Yan Zhu Bian
210    @a北京@c化学工业出版社@d2008
215    @a163页@c图@d26cm@e附光盘1片
307    @a附光盘:ISBN 978-7-900239-72-3
330    @a本书提供CAXA制造工程师、CAXA数控车床、CAXA数控线切割等自动编程软件的练习题,分别以简答题、填空题、判断题、选择题和练习题的方式命题。
606 0  @a数控机床@x计算机辅助设计@x应用软件@j自学参考资料
606 0  @a数控机床
606 0  @a计算机辅助设计
606 0  @a应用软件
610 0  @aCAXA
690    @aTG659@v4
701  0 @a林岩@ALin Yan@4主编
801  0 @aCN@bTANGWEI@c20100708
905    @b0595438-42@dTG659@e18@f5
    
    CAXA练习与提高/林岩主编.-北京:化学工业出版社,2008
    163页:图;26cm+附光盘1片
    
    
    ISBN 978-7-122-02173-1:CNY25.00
    本书提供CAXA制造工程师、CAXA数控车床、CAXA数控线切割等自动编程软件的练习题,分别以简答题、填空题、判断题、选择题和练习题的方式命题。
●
相关链接 在E读中查询图书 在五车中查询图书 在当当中查询图书 在豆瓣中查询图书


正题名:CAXA练习与提高     索取号:TG659/18         预约/预借

序号 登录号 条形码 馆藏地/架位号 状态 备注
1 0595438   205954387   第二样本阅览室/ [索取号:TG659/18] 在馆    
2 0595439   205954396   第三借阅区/ [索取号:TG659/18] 在馆    
3 0595440   205954403   第三借阅区/ [索取号:TG659/18] 在馆    
4 0595441   205954412   第三借阅区/ [索取号:TG659/18] 在馆    
5 0595442   205954421   第三借阅区/ [索取号:TG659/18] 在馆    
唐山师范学院图书馆 欢迎您!
大连网信软件有限公司© 版权所有